Principles of pavement design

Saved in:
Bibliografiske detaljer
Main Authors: Yoder, E. J (Author), Witczak, M. W (Author)
Format: Bog
Sprog:engelsk
Udgivet: Nueva York John Wiley 1975
Udgivelse:2a. ed
Fag:
Tags: Tilføj Tag
Ingen Tags, Vær først til at tagge denne postø!

MARC

LEADER 00000nam a2200000 a 4500
001 UCU6199
003 CL-VaPUC
008 960614e19750000US |||||||||||||||||eng|d
082 0 4 |a 625.8  |b YOD  |2 21 
100 0 |a Yoder, E. J  |e author  |9 364369 
700 0 |a Witczak, M. W  |e author  |9 364370 
245 1 0 |a Principles of pavement design 
250 |a 2a. ed 
300 |a 711 p 
942 |c BK 
945 |d 19960614 00:00:00  |a paguirre 
260 |a Nueva York  |b John Wiley  |c 1975 
650 0 |a Pavimentos  |9 258061 
650 0 |a Construcción de carreteras  |9 260999 
650 0 |a Materiales de construcción  |9 260197 
650 0 |a Carreteras  |9 260132 
650 7 |a TECNOLOGIA DE LA CONSTRUCCION  |2 CL-VaPUC  |9 260196 
583 |a last modification  |c 19960614 00:00:00  |k Rodrigo Vera 
999 |c 249219  |d 249217 
952 |0 0  |1 0  |4 0  |6 625_800000000000000_YOD_1975  |7 0  |8 A  |9 266354  |a BIBING  |b BIBING  |d 2019-11-19  |i 1684779  |l 1  |o 625.8 YOD 1975  |p 1684779  |r 2025-01-20  |s 2024-03-20  |w 2019-11-19  |y BK  |k CCL